| 000 | 00396nam a22001457a 4500 | ||
|---|---|---|---|
| 082 |
_a520.1 _bTRA _cL-1, P-10 |
||
| 100 |
_aSkvirsky, David _939582 |
||
| 245 | _aOn the Track of Discovery | ||
| 250 | _a1st ed. | ||
| 260 |
_aMoscow _bUnion of Soviet Socialist Republics |
||
| 300 |
_a237p. : _bill. ; _c4 Cm |
||
| 526 |
_a0 _b0 _c0 _d520_100000000000000_TRA |
||
| 650 |
_aMCE _9379 |
||
| 942 |
_2ddc _cBK |
||
| 999 |
_c544042 _d544042 |
||